Catálogo

EL HOMBRE DOLIENTE : (Registro nro. 53863)

Detalles MARC
000 -LEADER
fixed length control field 00492nam a2200169 a 4500
001 - CONTROL NUMBER
control field 53863
005 - DATE AND TIME OF LATEST TRANSACTION
control field 20180714044344.0
008 - FIXED-LENGTH DATA ELEMENTS--GENERAL INFORMATION
fixed length control field 140415s1987 sp 000 0 spa d
041 ## - LANGUAGE CODE
Language code of text/sound track or separate title spa
082 ## - DEWEY DECIMAL CLASSIFICATION NUMBER
Classification number 142.7
Item number FRA
100 1# - MAIN ENTRY--PERSONAL NAME
Personal name FRANKL, VIKTOR E.
245 13 - TITLE STATEMENT
Title EL HOMBRE DOLIENTE :
Remainder of title FUNDAMENTOS ANTROPOLOGICOS DE LA PSICOTERAPIA
250 ## - EDITION STATEMENT
Edition statement 1a ed.
260 ## - PUBLICATION, DISTRIBUTION, ETC.
Place of publication, distribution, etc. ESPAÑA :
Name of publisher, distributor, etc. EDITORIAL HERDER,
Date of publication, distribution, etc. 1987
300 ## - PHYSICAL DESCRIPTION
Extent 310
650 14 - SUBJECT ADDED ENTRY--TOPICAL TERM
Topical term or geographic name entry element EXISTENCIALISMO
General subdivision PISICOLOGIA EXISTENCIAL
Existencias
Withdrawn status Lost status Source of classification or shelving scheme Damaged status Not for loan Collection code Home library Current library Shelving location Date acquired Source of acquisition Inventory number Total Checkouts Full call number Barcode Date last seen Date last checked out Price effective from Koha item type
    Dewey Decimal Classification     General Biblioteca Karol Wojtyla Biblioteca Karol Wojtyla Sala general 03/12/2013 Compra 151000000000000000060973 2 142.7 FRA 8010 05/01/2026 07/11/2019 03/12/2013 Libro